000 00308nam a22001337a 4500
008 170929b xxu||||| |||| 00| 0 eng d
020 _a9780312596194
041 _aeng
080 _29TH
_a37
100 _a47
101 _aEDU
245 _aTHE ST.MARTING'S GUIDE TO WRITING
_cAXELROD,R.B
942 _2udc
_cBK
999 _c30665
_d30665